[Event "Titled Tuesday intern op 12th Jul Late"]
[Site "Chess.com INT"]
[Date "2022.07.12"]
[Round "8"]
[White "Escudero Donoso, Felipe"]
[Black "Kopczynski, Michal"]
[Result "0-1"]
[WhiteElo "2090"]
[BlackElo "2225"]
[PlyCount "54"]
[EventDate "2022.07.12"]
[EventType "swiss (blitz)"]
[EventRounds "11"]
[EventCountry "USA"]
[SourceTitle "EXT 2023"]
[Source "ChessBase"]
[SourceDate "2022.10.05"]
[SourceVersion "1"]
[SourceVersionDate "2022.10.05"]
[SourceQuality "1"]

1. d4 Nf6 2. c4 g6 3. g3 Bg7 4. Bg2 0-0 5. Nc3 d6 6. Nf3 Nc6 7. 0-0 Nd7 8. b3 e5 9. dxe5 Ndxe5 10. Nxe5 Bxe5 11. Bb2 Be6 12. Qd2 Qd7 13. Rad1 Bh3 14. Nd5 Kg7 15. Bxh3 Qxh3 16. Nxc7 Rad8 17. Nd5 f6 18. Nf4 Qf5 19. Ba1 g5 20. Nd3 Bxa1 21. Rxa1 Rfe8 22. e3 h5 23. f3 d5 24. cxd5 Qxd5 25. Rad1 Ne5 26. e4 Qxd3 27. Qf2 Qxf3 0-1

[Event "Titled Tuesday intern op 12th Jul Late"]
[Site "Chess.com INT"]
[Date "2022.07.12"]
[Round "3"]
[White "Escudero Donoso, Felipe"]
[Black "Perske, Thore"]
[Result "0-1"]
[WhiteElo "2090"]
[BlackElo "2436"]
[PlyCount "136"]
[EventDate "2022.07.12"]
[EventType "swiss (blitz)"]
[EventRounds "11"]
[EventCountry "USA"]
[SourceTitle "EXT 2023"]
[Source "ChessBase"]
[SourceDate "2022.10.05"]
[SourceVersion "1"]
[SourceVersionDate "2022.10.05"]
[SourceQuality "1"]

1. Nf3 Nf6 2. c4 g6 3. g3 Bg7 4. Bg2 0-0 5. 0-0 d6 6. d4 c6 7. Nc3 Qb6 8. e4 Bg4 9. h3 Bxf3 10. Bxf3 Nfd7 11. Ne2 e5 12. d5 c5 13. Qc2 f5 14. Bg2 Na6 15. a3 Nc7 16. f4 Rae8 17. Kh2 exf4 18. Bxf4 fxe4 19. Nc3 e3 20. Rae1 Bd4 21. Ne4 Ne5 22. Bxe3 Bxe3 23. Rxf8+ Rxf8 24. Rxe3 Ne8 25. Ng5 Ng7 26. Ne6 Rf7 27. Re2 Qa6 28. Nxc5 Qxc4 29. Qxc4 Nxc4 30. Ne6 Re7 31. Rc2 Nxe6 32. dxe6 Ne3 33. Rc8+ Kg7 34. Bf3 Kf6 35. Rc3 Nf5 36. Bd5 Ke5 37. Bb3 d5 38. Rc5 Ne3 39. Kg1 Kd6 40. Rc3 Rxe6 41. Kf2 Nf5 42. Rd3 Ne7 43. Rf3 Ke5 44. Re3+ Kd6 45. Rf3 Re5 46. g4 h5 47. Rf6+ Re6 48. Rf3 h4 49. Bc2 g5 50. Bf5 Rf6 51. Rb3 Nxf5 52. gxf5 Rxf5+ 53. Kg2 b6 54. Rd3 Kc5 55. Re3 d4 56. Re4 Rd5 57. Kf2 d3 58. Ke1 d2+ 59. Kd1 a5 60. Re2 b5 61. Re8 a4 62. Rc8+ Kd6 63. Rd8+ Ke5 64. Re8+ Kf4 65. Rg8 Kg3 66. Rc8 Kxh3 67. Rc3+ Kg2 68. Rc5 Rxc5 0-1

[Event "Titled Tuesday intern op 12th Jul Late"]
[Site "Chess.com INT"]
[Date "2022.07.12"]
[Round "4"]
[White "Magallanes, Rey Jomar"]
[Black "Escudero Donoso, Felipe"]
[Result "0-1"]
[WhiteElo "2032"]
[BlackElo "2090"]
[PlyCount "78"]
[EventDate "2022.07.12"]
[EventType "swiss (blitz)"]
[EventRounds "11"]
[EventCountry "USA"]
[SourceTitle "EXT 2023"]
[Source "ChessBase"]
[SourceDate "2022.10.05"]
[SourceVersion "1"]
[SourceVersionDate "2022.10.05"]
[SourceQuality "1"]

1. e4 c5 2. Nf3 e6 3. d4 cxd4 4. Nxd4 a6 5. Nc3 Qc7 6. Be3 Nf6 7. Bd3 Nc6 8. 0-0 b5 9. a3 Bb7 10. f4 Bc5 11. Be2 d6 12. Qd2 Qb6 13. Rad1 e5 14. fxe5 dxe5 15. Nf5 Bxe3+ 16. Nxe3 0-0 17. Kh1 Nd4 18. Ncd5 Bxd5 19. exd5 Ne4 20. Qd3 Nc5 21. Qd2 Rad8 22. c3 Ndb3 23. Qe1 Na4 24. Qg3 Kh8 25. Nf5 g6 26. Qxe5+ f6 27. Qe7 gxf5 28. Rxf5 Qd6 29. Qxd6 Rxd6 30. Rd3 Nbc5 31. Rg3 Nb6 32. Bf3 Nbd7 33. Rh3 Ne5 34. Rfh5 Rf7 35. Bd1 Rxd5 36. Bc2 Ncd3 37. Bxd3 Rxd3 38. Rxe5 Rd1+ 39. Re1 Rxe1# 0-1

[Event "Titled Tuesday intern op 12th Jul Late"]
[Site "Chess.com INT"]
[Date "2022.07.12"]
[Round "9"]
[White "Martinez, Shawn"]
[Black "Escudero Donoso, Felipe"]
[Result "0-1"]
[WhiteElo "1881"]
[BlackElo "2090"]
[PlyCount "138"]
[EventDate "2022.07.12"]
[EventType "swiss (blitz)"]
[EventRounds "11"]
[EventCountry "USA"]
[SourceTitle "EXT 2023"]
[Source "ChessBase"]
[SourceDate "2022.10.05"]
[SourceVersion "1"]
[SourceVersionDate "2022.10.05"]
[SourceQuality "1"]

1. e4 c5 2. Nc3 e6 3. Nge2 Nf6 4. g3 Nc6 5. Bg2 Be7 6. 0-0 0-0 7. b3 d5 8. exd5 exd5 9. d4 Bg4 10. h3 Bh5 11. g4 Bg6 12. Bb2 Ne4 13. dxc5 Bxc5 14. Nxd5 Qh4 15. Nd4 Rad8 16. c4 Ng5 17. Kh2 Bd6+ 18. f4 Ne4 19. Nf3 Bxf4+ 20. Kg1 Qg3 21. Qe1 Qxe1 22. Raxe1 Bg3 23. Re2 Rfe8 24. h4 f6 25. h5 Bf7 26. Ne3 Nc5 27. Rc1 Nd3 28. Rcc2 Bf4 29. Nd5 Nxb2 30. Rxb2 Bxd5 31. cxd5 Rxe2 32. Rxe2 Rxd5 33. Nh4 Rd1+ 34. Kf2 Ne5 35. Bh3 Bg5 36. Nf5 Kf7 37. Rc2 Nd3+ 38. Kg2 Ne1+ 39. Kf2 Nxc2 40. Ke2 Rd8 41. Bg2 Nd4+ 42. Nxd4 Rxd4 43. Bxb7 Rd2+ 44. Kf3 Rxa2 45. Ke4 Rb2 46. Kf5 Ke7 47. Bd5 Kd6 48. Bc4 Kc5 49. Bg8 h6 50. Kg6 Kb4 51. Kxg7 Rxb3 52. Kg6 a5 53. Kf5 a4 54. Bf7 a3 55. Kg6 a2 56. Kh7 a1Q 57. Bg8 Qa7+ 58. Kh8 Rc3 59. Be6 Qb8+ 60. Bg8 Rc8 61. Kh7 Qc7+ 62. Kh8 Rxg8+ 63. Kxg8 Qe7 64. Kh8 Kc5 65. Kg8 Kd5 66. Kh8 Ke6 67. Kg8 f5 68. gxf5+ Kf6 69. Kh8 Qg7# 0-1

[Event "Titled Tuesday intern op 12th Jul Late"]
[Site "Chess.com INT"]
[Date "2022.07.12"]
[Round "2"]
[White "Sorensen, Hampus"]
[Black "Escudero Donoso, Felipe"]
[Result "1-0"]
[WhiteElo "2376"]
[BlackElo "2090"]
[PlyCount "91"]
[EventDate "2022.07.12"]
[EventType "swiss (blitz)"]
[EventRounds "11"]
[EventCountry "USA"]
[SourceTitle "EXT 2023"]
[Source "ChessBase"]
[SourceDate "2022.10.05"]
[SourceVersion "1"]
[SourceVersionDate "2022.10.05"]
[SourceQuality "1"]

1. d4 d5 2. c4 e6 3. Nc3 Nf6 4. cxd5 exd5 5. Bg5 c6 6. e3 Bd6 7. Bd3 0-0 8. Nge2 h6 9. Bh4 Re8 10. Qc2 a5 11. h3 Na6 12. a3 Nc7 13. g4 Ne6 14. Rg1 Be7 15. f4 g5 16. Bg3 b5 17. fxg5 Nxg5 18. Rf1 Bd6 19. Bf4 Bxf4 20. exf4 Nge4 21. 0-0-0 b4 22. Nxe4 Nxe4 23. Bxe4 dxe4 24. f5 bxa3 25. bxa3 Qe7 26. Qc3 Ba6 27. Rfe1 Rab8 28. Nf4 a4 29. Qc5 Qb7 30. Qc2 Qb3 31. Qxb3 Rxb3 32. Nh5 Reb8 33. Rxe4 Rb1+ 34. Kd2 R8b2+ 35. Ke1 Rxd1+ 36. Kxd1 Rb3 37. Re8+ Kh7 38. Re7 Rd3+ 39. Kc2 Rxd4 40. Rxf7+ Kg8 41. Rg7+ Kf8 42. f6 Bd3+ 43. Kc3 Rd5 44. Nf4 Rd8 45. Ne6+ Ke8 46. Re7# 1-0

[Event "Titled Tuesday intern op 21st Jun Early"]
[Site "Chess.com INT"]
[Date "2022.06.21"]
[Round "3"]
[White "Kononenko, Dmitry1111"]
[Black "Escudero Donoso, Felipe"]
[Result "1-0"]
[WhiteElo "2334"]
[BlackElo "2090"]
[PlyCount "97"]
[EventDate "2022.06.21"]
[EventType "swiss (blitz)"]
[EventRounds "11"]
[EventCountry "USA"]
[SourceTitle "EXT 2023"]
[Source "ChessBase"]
[SourceDate "2022.10.05"]
[SourceVersion "1"]
[SourceVersionDate "2022.10.05"]
[SourceQuality "1"]

1. e4 c5 2. Nf3 e6 3. d4 cxd4 4. Nxd4 a6 5. c4 Nf6 6. Nc3 Qc7 7. Bd3 Bb4 8. 0-0 Nc6 9. Nc2 Be7 10. Kh1 d6 11. f4 0-0 12. Be3 b6 13. Rc1 Bb7 14. Bg1 Nb8 15. Qe2 Nbd7 16. b4 Rac8 17. Ne3 Qb8 18. a4 Qa8 19. Ned1 Rfe8 20. Nf2 d5 21. e5 Ne4 22. Ncxe4 dxe4 23. Nxe4 Bxb4 24. Ng5 g6 25. h4 Nc5 26. Bc2 h6 27. Nf3 Ne4 28. Bxe4 Bxe4 29. Bxb6 Qb7 30. Be3 Red8 31. c5 Bd3 32. Qf2 Bxf1 33. Rxf1 Qe4 34. f5 exf5 35. Bxh6 Bxc5 36. Qb2 Bd4 37. Qb3 Rc3 38. Qb1 Qxb1 39. Rxb1 Rdc8 40. Nxd4 R3c4 41. Nf3 Rxa4 42. Bg5 Kg7 43. Bf6+ Kh7 44. Rb7 Rf8 45. Ng5+ Kh6 46. Nxf7+ Kh5 47. Nd6 Rd8 48. Kh2 Kg4 49. Bxd8 1-0

[Event "Titled Tuesday intern op 24th May Late"]
[Site "Chess.com INT"]
[Date "2022.05.24"]
[Round "5"]
[White "Escudero Donoso, Felipe"]
[Black "Zhurbinsky, David J"]
[Result "1/2-1/2"]
[WhiteElo "2090"]
[BlackElo "1996"]
[PlyCount "79"]
[EventDate "2022.05.24"]
[EventType "swiss (blitz)"]
[EventRounds "11"]
[EventCountry "USA"]
[SourceTitle "EXT 2023"]
[Source "ChessBase"]
[SourceDate "2022.10.05"]
[SourceVersion "1"]
[SourceVersionDate "2022.10.05"]
[SourceQuality "1"]

1. d4 Nf6 2. c4 e6 3. g3 d5 4. Bg2 Be7 5. Nf3 0-0 6. 0-0 dxc4 7. Qc2 a6 8. a4 Nbd7 9. Qxc4 b5 10. Qc2 Bb7 11. Rd1 Nb6 12. a5 Nc4 13. b3 Be4 14. Qa2 Nd6 15. Nc3 Bb7 16. Ne5 Bxg2 17. Kxg2 b4 18. Nc6 Qd7 19. Nxe7+ Qxe7 20. Na4 Nd5 21. Qc2 Nb5 22. Bb2 f5 23. Rac1 f4 24. Qe4 Qf7 25. Rf1 Rad8 26. Rc6 Rd6 27. Rc4 e5 28. dxe5 Rh6 29. e6 Rxe6 30. Qxd5 fxg3 31. hxg3 Kh8 32. Qf3 Qe8 33. Qd3 Rxe2 34. Rh1 Qe4+ 35. Rxe4 Rfxf2+ 36. Kg1 Rg2+ 37. Kf1 Rgf2+ 38. Kg1 Rg2+ 39. Kf1 Rgf2+ 40. Kg1 1/2-1/2

[Event "Titled Tuesday intern op 01st Mar Early"]
[Site "Chess.com INT"]
[Date "2022.03.01"]
[Round "8"]
[White "Boraso, Alessio"]
[Black "Escudero Donoso, Felipe"]
[Result "1-0"]
[WhiteElo "2286"]
[BlackElo "2119"]
[PlyCount "135"]
[EventDate "2022.03.01"]
[EventType "swiss (blitz)"]
[EventRounds "11"]
[EventCountry "USA"]
[SourceTitle "CBM 207 Extra"]
[Source "ChessBase"]
[SourceDate "2022.05.31"]
[SourceVersion "1"]
[SourceVersionDate "2022.05.31"]
[SourceQuality "1"]

1. c4 c5 2. g3 g6 3. Bg2 Bg7 4. Nc3 Nc6 5. Nf3 e5 6. d3 Nge7 7. 0-0 0-0 8. a3 d6 9. Rb1 a5 10. Bd2 Rb8 11. Ne1 Be6 12. Nc2 d5 13. cxd5 Nxd5 14. Nxd5 Bxd5 15. b4 axb4 16. a4 Nd4 17. Ne3 Bxg2 18. Kxg2 f5 19. Nc4 Qd5+ 20. Kg1 b5 21. axb5 Nxb5 22. Qc2 Nd4 23. Qd1 e4 24. Be3 exd3 25. Qxd3 Rfd8 26. Rfd1 Qc6 27. Bf4 Ra8 28. Ne5 Qe6 29. e3 Bxe5 30. exd4 Bxf4 31. d5 Qd6 32. gxf4 Qxf4 33. d6 Qg4+ 34. Kh1 Qe4+ 35. Qxe4 fxe4 36. Rbc1 Rac8 37. Rd5 c4 38. Rd4 Kf7 39. Kg2 Rc6 40. d7 Rc7 41. Rcxc4 Rxc4 42. Rxc4 Rxd7 43. Rxb4 Re7 44. Kg3 Kf6 45. Rb5 Re5 46. Rb7 h6 47. h4 e3 48. fxe3 Rxe3+ 49. Kf4 Ra3 50. Rb6+ Kg7 51. Rb7+ Kf6 52. Rb6+ Kf7 53. Rb4 Ra7 54. Rc4 Rd7 55. Ra4 Re7 56. Kg4 Kf6 57. Kg3 Re3+ 58. Kf4 Re6 59. Ra5 Rb6 60. Kf3 g5 61. hxg5+ hxg5 62. Kg4 Kg6 63. Ra4 Rb5 64. Ra6+ Kg7 65. Rc6 Rd5 66. Re6 Ra5 67. Rb6 Rb5 68. Rxb5 1-0

[Event "Titled Tuesday intern op 01st Mar Early"]
[Site "Chess.com INT"]
[Date "2022.03.01"]
[Round "6"]
[White "Kukula, Pawel"]
[Black "Escudero Donoso, Felipe"]
[Result "1-0"]
[WhiteElo "2109"]
[BlackElo "2119"]
[PlyCount "99"]
[EventDate "2022.03.01"]
[EventType "swiss (blitz)"]
[EventRounds "11"]
[EventCountry "USA"]
[SourceTitle "CBM 207 Extra"]
[Source "ChessBase"]
[SourceDate "2022.05.31"]
[SourceVersion "1"]
[SourceVersionDate "2022.05.31"]
[SourceQuality "1"]

1. d4 Nf6 2. c4 e6 3. Nc3 d5 4. cxd5 exd5 5. Bg5 c6 6. Qc2 Bd6 7. e3 0-0 8. Bd3 h6 9. Bh4 Re8 10. Nge2 a5 11. 0-0 Bxh2+ 12. Kxh2 Ng4+ 13. Kg3 g5 14. Bf5 gxh4+ 15. Kh3 Qg5 16. Bxc8 Rxc8 17. e4 Nd7 18. Qc1 Qg7 19. Qf4 Ngf6 20. e5 Nh7 21. Qxh4 Ndf8 22. f4 Ng6 23. Qg4 Ne7 24. Qxg7+ Kxg7 25. g4 c5 26. Rad1 c4 27. Kg3 a4 28. f5 f6 29. Nf4 Ng5 30. exf6+ Kxf6 31. Nfxd5+ Nxd5 32. Nxd5+ Kf7 33. Rfe1 Re8 34. Nb6 Rxe1 35. Rxe1 Rd8 36. d5 Rd6 37. Nxc4 Rxd5 38. Re3 Rd1 39. b3 b5 40. Ne5+ Kf6 41. bxa4 bxa4 42. Nf3 Nxf3 43. Kxf3 Rb1 44. Re4 a3 45. Re3 Rf1+ 46. Kg2 Rf4 47. Kg3 Ra4 48. Rb3 Ra5 49. Rb6+ Kg5 50. Rg6# 1-0

[Event "Titled Tuesday intern op 22nd Feb Early"]
[Site "Chess.com INT"]
[Date "2022.02.22"]
[Round "9"]
[White "Escudero Donoso, Felipe"]
[Black "Piesik, Piotr"]
[Result "0-1"]
[WhiteElo "2119"]
[BlackElo "2418"]
[PlyCount "98"]
[EventDate "2022.02.22"]
[EventType "swiss (blitz)"]
[EventRounds "11"]
[EventCountry "USA"]
[SourceTitle "CBM 207 Extra"]
[Source "ChessBase"]
[SourceDate "2022.05.31"]
[SourceVersion "1"]
[SourceVersionDate "2022.05.31"]
[SourceQuality "1"]

1. Nf3 g6 2. c4 Bg7 3. g3 Nc6 4. Bg2 d6 5. Nc3 e5 6. 0-0 f5 7. d3 Nf6 8. Rb1 a5 9. a3 0-0 10. b4 axb4 11. axb4 h6 12. b5 Ne7 13. Nd2 g5 14. Bb2 Ng6 15. Ra1 Rb8 16. Nd5 Be6 17. Nxf6+ Qxf6 18. f4 gxf4 19. gxf4 Nh4 20. Qe1 Nxg2 21. Kxg2 Kh7 22. Kh1 Rg8 23. Nf3 Qg6 24. Rg1 Qh5 25. fxe5 d5 26. Qh4 Qxh4 27. Nxh4 dxc4 28. d4 Bd5+ 29. Nf3 Bf8 30. Rxg8 Kxg8 31. Kg1 Be7 32. Kf2 Kf7 33. Ke3 Rg8 34. Rg1 Rxg1 35. Nxg1 Bg5+ 36. Kf2 Bd2 37. Nf3 Bxf3 38. exf3 c3 39. Ba3 c2 40. Ke2 c1Q 41. Bxc1 Bxc1 42. Kd3 Ke6 43. Kc4 b6 44. h3 Bb2 45. f4 Bc1 46. d5+ Kd7 47. e6+ Kd6 48. Kd3 Bxf4 49. Kd4 Bg5 0-1

[Event "Titled Tuesday intern op 22nd Feb Late"]
[Site "Chess.com INT"]
[Date "2022.02.22"]
[Round "2"]
[White "Escudero Donoso, Felipe"]
[Black "Pultinevicius, Paulius"]
[Result "0-1"]
[WhiteElo "2119"]
[BlackElo "2546"]
[PlyCount "58"]
[EventDate "2022.02.22"]
[EventType "swiss (blitz)"]
[EventRounds "11"]
[EventCountry "USA"]
[SourceTitle "CBM 207 Extra"]
[Source "ChessBase"]
[SourceDate "2022.05.31"]
[SourceVersion "1"]
[SourceVersionDate "2022.05.31"]
[SourceQuality "1"]

1. Nf3 Nf6 2. c4 e6 3. g3 a6 4. Bg2 b5 5. Ne5 c6 6. d4 Bb7 7. 0-0 d6 8. Nf3 bxc4 9. Nbd2 d5 10. b3 c3 11. Nb1 Ne4 12. Qc2 c5 13. Nxc3 Nc6 14. dxc5 Nxc5 15. Bb2 Rc8 16. Qd2 d4 17. Na4 Nxa4 18. bxa4 Bc5 19. Rac1 Ba7 20. Rfd1 0-0 21. Nxd4 Bxd4 22. Bxd4 Qxd4 23. Qxd4 Nxd4 24. Rxc8 Nxe2+ 25. Kf1 Bxg2+ 26. Kxg2 Rxc8 27. Rd6 Ra8 28. Kf3 Nc3 29. Ke3 Nxa2 0-1